000 00921nam a2200253Ia 4500
003 GCL
008 140319s9999 xx 000 0 ara d
040 _aGCL /
_cGCL
082 0 4 _a155.89
_bع ا
100 1 _aعلى زيعور
245 1 0 _aانجراحات السلوك والفكر فى الذات العربية : فى الصحة العقلية والبحث عن التكيف الخلاق /
_cعلى زيعور
300 _a332 ص
490 _aالتحليل النفسى والانسانى للذات العربية
_v0
650 0 4 _aالصحة النفسية
650 0 4 _aعلم النفس
650 0 4 _aالتحليل النفسى
650 0 4 _aالاخلاق
650 0 4 _aالاضطرابات النفسية
650 0 4 _aالعلاج النفسى
650 0 4 _aالصحة العقلية
650 0 4 _aالسلوك الاجتماعى
650 0 4 _aالتكيف النفسى
942 _2ddc
_cBK
999 _c49351
_d49351